000 00822nam a2200241 a 4500
001 74240
003 BD-RjUL
005 20211209082523.0
008 180411s2016 bg ||||| |||| 00| 0 ben d
020 _a9789843405012
_c: Tk. 100.00
035 _a(BD-RjUL)74458
040 _aBD-RjUL
_bben
_cBD-RjUL
_dBD-RjUL
041 _aben
082 _223
_a891.441
_bMOT 2016
100 1 _aমোহান্ত, গৌরাঙ্গ
_9221105
245 1 _aট্রোগনের গান /
_cগৌরাঙ্গ মোহান্ত
260 _aঢাকা :
_bত্বিষা তিতীর্ষা,
_c২০১৬
300 _a৪৬ পৃ. ;
_c২১ সেমি.
520 _aSongs of a Trogen.
650 _aবাংলা কবিতা
_9221106
650 _aBengali poetry
_9221107
942 _2ddc
_cBK
999 _c74240
_d74240